Spisy Sv. 5.

Uložené v:
Podrobná bibliografia
Hlavní autori: Marx, Karl 1818-1883 (Author), Engels, Friedrich, 1820-1895 (Author)
Médium: Kniha
Jazyk:Czech
German
Vydané: Praha : Státní nakladatelství politické literatury, 1959.
Vydanie:1. vyd.
ISBN: (viaz.)
Fyzický popis: 662 s.
Tagy: Pridať tag
Žiadne tagy, Buďte prvý kto otaguje tento záznam!

MARC

LEADER 00000nam a2200000 a 4500
001 000158430
005 20110729221900.0
008 040101s1959 xr e czeo
020 |a (viaz.) 
040 |a SVKKK  |b slo  |c SVKKK  |e AACR2 
041 1 |a cze  |h ger 
044 |a xr  |c CZ 
100 1 |a Marx, Karl  |d 1818-1883  |4 aut 
245 1 0 |a Spisy  |n Sv. 5.  |c Karl Marx, Bedřich Engels. 
250 |a 1. vyd. 
260 |a Praha :  |b Státní nakladatelství politické literatury,  |c 1959. 
300 |a 662 s. 
700 1 |a Engels, Friedrich,  |d 1820-1895.  |4 aut 
910 |a svkkk 
998 |a BK 
090 |g SCKHL  |k Sklad Pribinova 2. posch.  |a III.36988  |j 179638  |i 2720546445  |4 Multiplikát  |s Vyradená 
090 |g SCKHL  |k Sklad Pribinova 2. posch.  |a III.78006  |j 175565  |i 2720364002  |s Prezenčne 
090 |g SCKHL  |k Sklad Pribinova 2. posch.  |a III.78116  |j 183307  |i 158430-10  |4 Multiplikát  |s Vyradená